000 00575nam a22001937a 4500
003 OSt
005 20260421060249.0
008 260421b |||||||| |||| 00| 0 eng d
020 _a 981-4096-94-6
040 _aDWC-Main lib
_cOC
082 _aCirc. 005.74 E161f 2001
100 _aElmasri, Ramez
245 _a Fundamentals of database systems/
_cRamez Elmasri
260 _bPearson educ. Asia ,
_cc2001.
300 _axvii,
_b955 p. :
_c22 cm.
504 _aincludes bibliographical and index.
700 _aShamkant B. Navathe
942 _2ddc
_cBK-CIRC
_kCirc.
_n0
999 _c9562
_d9561